[Event "BEL-ch U20"]
[Site "Blankenberge"]
[Date "2015.04.17"]
[Round "8"]
[White "Pu, Linden"]
[Black "Poppe, Gaitan"]
[Result "1/2-1/2"]
[WhiteElo "1744"]
[BlackElo "1653"]
[PlyCount "34"]
[EventDate "2015.04.12"]
[EventType "tourn"]
[EventRounds "9"]
[EventCountry "BEL"]
[SourceTitle "CBM 166 Extra"]
[Source "ChessBase"]
[SourceDate "2015.06.18"]
[SourceVersion "1"]
[SourceVersionDate "2015.06.18"]
[SourceQuality "1"]

1. d4 d5 2. Nf3 Nf6 3. e3 Bf5 4. Nbd2 Nbd7 5. c4 e6 6. Be2 Be7 7. Nh4 Bg6 8. Nxg6 hxg6 9. Qc2 c6 10. b3 Qc7 11. Nf3 0-0-0 12. Bd3 Bb4+ 13. Bd2 Bxd2+ 14. Qxd2 Ne4 15. Qc2 Ndf6 16. Ne5 Rdf8 17. f3 Ng3 1/2-1/2

[Event "BEL-ch U20"]
[Site "Blankenberge"]
[Date "2014.04.18"]
[Round "8"]
[White "Poppe, Gaitan"]
[Black "De Bode, Joren"]
[Result "1-0"]
[WhiteElo "1466"]
[BlackElo "1592"]
[PlyCount "81"]
[EventDate "2014.04.??"]
[EventType "swiss"]
[EventRounds "9"]
[EventCountry "BEL"]
[SourceTitle "EXT 2015"]
[Source "ChessBase"]
[SourceDate "2014.11.20"]
[SourceVersion "1"]
[SourceVersionDate "2014.11.20"]
[SourceQuality "1"]

1. d4 d5 2. Nf3 c6 3. e3 Bg4 4. Nbd2 e6 5. Bd3 Nd7 6. b3 Ngf6 7. Bb2 Bb4 8. c3 Ba5 9. Qc2 c5 10. Ne5 cxd4 11. exd4 Bc7 12. c4 Rc8 13. Rc1 Bh5 14. 0-0 Bg6 15. Ndf3 Bxd3 16. Qxd3 0-0 17. c5 Ne4 18. Ba3 Re8 19. Bb2 Ndf6 20. c6 bxc6 21. Nxc6 Qd7 22. Nfe5 Bxe5 23. Nxe5 Qd6 24. f3 Ng5 25. h4 Nge4 26. fxe4 dxe4 27. Nc4 Rxc4 28. Qxc4 Qg3 29. Qc7 Qxh4 30. Rf4 Qg3 31. d5 Kh8 32. dxe6 fxe6 33. Rxf6 Qxc7 34. Rxc7 gxf6 35. Bxf6+ Kg8 36. Rg7+ Kf8 37. Rxh7 e3 38. Kf1 e5 39. Rh8+ Kf7 40. Rxe8 Kxe8 41. Bxe5 1-0

[Event "BEL-ch U20"]
[Site "Blankenberge"]
[Date "2014.04.13"]
[Round "1"]
[White "Harutyunyan, Axel"]
[Black "Poppe, Gaitan"]
[Result "0-1"]
[WhiteElo "1805"]
[BlackElo "1466"]
[PlyCount "40"]
[EventDate "2014.04.??"]
[EventType "swiss"]
[EventRounds "9"]
[EventCountry "BEL"]
[SourceTitle "EXT 2015"]
[Source "ChessBase"]
[SourceDate "2014.11.20"]
[SourceVersion "1"]
[SourceVersionDate "2014.11.20"]
[SourceQuality "1"]

1. e4 e5 2. Nf3 Nf6 3. d3 Nc6 4. Be2 Bc5 5. 0-0 d6 6. c3 Bg4 7. Nbd2 0-0 8. b4 Bb6 9. a4 a6 10. Bb2 Qd7 11. h3 Be6 12. Rb1 d5 13. b5 Ne7 14. Nxe5 Qd6 15. exd5 Bxh3 16. Nec4 Qg3 17. Bf3 Ng4 18. Re1 Qxf2+ 19. Kh1 Bxg2+ 20. Bxg2 Qh4+ 0-1